1602 1491 1061 1183 1405 1209 1830 1638 1836 1575 1845 1327 1327 1343 1816 1218 1724 1106 1493 1662 1039 1791 1329 1721 1467 1650 1137 1216 1781 1360 1908 1014 1287 1415 1412 1678 1949 1319 1898 1443 1336 1676 1068 1937 1452 1446 1875 1990 1583 1942 1483 1445 1088 1710 1805 1350 1244 1614 1918 1163 1848 1729 1070 1886 1123 1648 1446 1037 1859 1521 1900 1805 1898 1458 1971 1185 1231 1541 1633 1956 1253 1363 1698 1234 1148 1219 1627 1193 1443 1339 1272 1231 1439 1805 1199 1829 1364 1152 1593 BCNSPRNW ULIB Ver.6.0+V

เปลี่ยนเป็นภาษาไทย

Change to English
 แสดงรายละเอียดบรรณานุกรม
  กลับหน้าหลัก

Brief Record : Get Marc (ISO 2709) : E-mail record : QR code < ปิดหน้าต่าง
LEADER : 00000nam 2200000uu 4500
001    13399113199
003     ULIB
008    111003s2551||||th 000 0 tha d
020    9789749742365
050  4 QA76.76^bส232ค 2551
100 0  สมเกียรติ รุ่งเรืองลดา
245 10 คู่มือดูแลระบบ Network ฉบับมืออาชีพ /^cสมเกียรติ รุ่งเรืองลดา
246 30 ดูแลระบบ Network ฉบับมืออาชีพ
260    กรุงเทพฯ :^bโปรวิชั่น,^c2551
300    426 หน้า :^bภาพประกอบ ;^c22 ซม.
650  4 เครือข่ายคอมพิวเตอร์
650  4 เครือข่ายคอมพิวเตอร์^vการบำรุงรักษาและการซ่อมแซม
700 0  อุมาภรณ์ ปิติชาญ
945    ^p349^l0^i027340
995    ทศพร
999 ^a ทศพร
รายการนี้ยังไม่มีแท็ก
คุณยังไม่ได้ล็อกอิน คุณสามารถมีกิจกรรมร่วมกับเว็บไซต์ได้ แต่ต้องล็อกอินก่อน ::
  ล็อกอิน

รายการสื่อสารสนเทศ

ลำดับที่ ประเภท เลขเรียก/บาร์โค้ด สถานที่ สถานะ
- ไม่พบข้อมูล -

รายการใกล้เคียง
    ผู้แต่ง [สมเกียรติ รุ่งเรืองลดา]

    หัวเรื่อง [เครือข่ายคอมพิวเตอร์]

BibComment


ยังไม่เคยถูกคอมเมนท์

คอมเมนท์ทรัพยากรรายการนี้
  คอมเมนท์: คู่มือดูแลระบบ Ne..


 Copyright 2026. Bcnsprnw @Library